Exploring the Architecture of Transiting Exoplanetary Systems with High-Precision Photometry

This thesis develops and establishes several methods to determine the detailed geometric architecture of transiting exoplanetary systems (planets orbiting around, and periodically passing in front of, stars other than the sun) using high-precision photometric data collected by the Kepler space teles...

Full description

Bibliographic Details
Main Author: Masuda, Kento (Author, http://id.loc.gov/vocabulary/relators/aut)
Corporate Author: SpringerLink (Online service)
Format: Electronic eBook
Language:English
Published: Singapore : Springer Singapore : Imprint: Springer, 2018.
Edition:1st ed. 2018.
Series:Springer Theses, Recognizing Outstanding Ph.D. Research,
Subjects:
Online Access:Full Text via HEAL-Link
LEADER 03872nam a2200541 4500
001 978-981-10-8453-9
003 DE-He213
005 20191029012538.0
007 cr nn 008mamaa
008 180306s2018 si | s |||| 0|eng d
020 |a 9789811084539  |9 978-981-10-8453-9 
024 7 |a 10.1007/978-981-10-8453-9  |2 doi 
040 |d GrThAP 
050 4 |a QB4 
072 7 |a PG  |2 bicssc 
072 7 |a SCI004000  |2 bisacsh 
072 7 |a PG  |2 thema 
082 0 4 |a 520  |2 23 
100 1 |a Masuda, Kento.  |e author.  |4 aut  |4 http://id.loc.gov/vocabulary/relators/aut 
245 1 0 |a Exploring the Architecture of Transiting Exoplanetary Systems with High-Precision Photometry  |h [electronic resource] /  |c by Kento Masuda. 
250 |a 1st ed. 2018. 
264 1 |a Singapore :  |b Springer Singapore :  |b Imprint: Springer,  |c 2018. 
300 |a XIV, 160 p. 52 illus., 36 illus. in color.  |b online resource. 
336 |a text  |b txt  |2 rdacontent 
337 |a computer  |b c  |2 rdamedia 
338 |a online resource  |b cr  |2 rdacarrier 
347 |a text file  |b PDF  |2 rda 
490 1 |a Springer Theses, Recognizing Outstanding Ph.D. Research,  |x 2190-5053 
505 0 |a Diversity of the Extrasolar Worlds -- Measurements of Stellar Obliquities -- Origin of the Misaligned Hot Jupiters: Nature or Nurture? -- Three-dimensional Stellar Obliquities of HAT-P-7 and Kepler-25 from Joint Analysis of Asteroseismology, Transit Light Curve, and the Rossiter-McLaughlin Effect -- Spin-Orbit Misalignments of Kepler-13Ab and HAT-P-7b from Gravity-Darkened Transit Light Curves -- Probing the Architecture of Hierarchical Multi-Body Systems: Photometric Characterization of the Triply-Eclipsing Triple-Star System KIC 6543674 -- Summary and Future Prospects. 
520 |a This thesis develops and establishes several methods to determine the detailed geometric architecture of transiting exoplanetary systems (planets orbiting around, and periodically passing in front of, stars other than the sun) using high-precision photometric data collected by the Kepler space telescope. It highlights the measurement of stellar obliquity - the tilt of the stellar equator with respect to the planetary orbital plane(s) - and presents methods for more precise obliquity measurements in individual systems of particular interest, as well as for measurements in systems that have been out of reach of previous methods. Such information is useful for investigating the dynamical evolution of the planetary orbit, which is the key to understanding the diverse architecture of exoplanetary systems. The thesis also demonstrates a wide range of unique applications of high-precision photometric data, which expand the capability of future space-based photometry. 
650 0 |a Observations, Astronomical. 
650 0 |a Astronomy-Observations. 
650 0 |a Planetary science. 
650 0 |a Astrophysics. 
650 0 |a Space sciences. 
650 1 4 |a Astronomy, Observations and Techniques.  |0 http://scigraph.springernature.com/things/product-market-codes/P22014 
650 2 4 |a Planetary Sciences.  |0 http://scigraph.springernature.com/things/product-market-codes/P22060 
650 2 4 |a Astrophysics and Astroparticles.  |0 http://scigraph.springernature.com/things/product-market-codes/P22022 
650 2 4 |a Space Sciences (including Extraterrestrial Physics, Space Exploration and Astronautics).  |0 http://scigraph.springernature.com/things/product-market-codes/P22030 
710 2 |a SpringerLink (Online service) 
773 0 |t Springer eBooks 
776 0 8 |i Printed edition:  |z 9789811084522 
776 0 8 |i Printed edition:  |z 9789811084546 
776 0 8 |i Printed edition:  |z 9789811341557 
830 0 |a Springer Theses, Recognizing Outstanding Ph.D. Research,  |x 2190-5053 
856 4 0 |u https://doi.org/10.1007/978-981-10-8453-9  |z Full Text via HEAL-Link 
912 |a ZDB-2-PHA 
950 |a Physics and Astronomy (Springer-11651)